| 000 | 00814nam a22002057a 4500 | ||
|---|---|---|---|
| 999 |
_c42318 _d42318 |
||
| 005 | 20251125232942.0 | ||
| 008 | s2547 th tha d | ||
| 020 | _a9749247345 | ||
| 040 | _aNALT | ||
| 041 | _atha | ||
| 050 |
_aDS578.32 _bป672ล |
||
| 100 | 0 | _aมนตรี แสนสุข | |
| 245 | 1 | 0 | _aลูกของพ่อ - พ่อของลูก ปุระชัย เปี่ยมสมบูรณ์ |
| 260 | 3 |
_aกรุงเทพฯ : _bอนิเมท กรู๊ป, _c2547 |
|
| 300 |
_a254 หน้า : _bภาพประกอบ ; _c21 ซม. |
||
| 650 | 0 | 4 | _aปุระชัย เปี่ยมสมบูรณ์ -- ชีวประวัติ |
| 850 | _aNALT | ||
| 856 | 4 | 0 |
_uhttps://hdl.handle.net/20.500.14156/386619 _71 |
| 942 |
_cGB _2lcc |
||